Turbulence (Record no. 5373)

000 -LEADER
fixed length control field 00511nam a2200205 i 4500
001 - CONTROL NUMBER
control field 5373
003 - CONTROL NUMBER IDENTIFIER
control field BD-DhUET
008 - FIXED-LENGTH DATA ELEMENTS--GENERAL INFORMATION
fixed length control field 750220s1975 nyua b 001 0 eng
020 ## - INTERNATIONAL STANDARD BOOK NUMBER
International Standard Book Number 0070290377
040 ## - CATALOGING SOURCE
Original cataloging agency DLC
Transcribing agency DLC
Modifying agency BD-DhUET
082 00 - DEWEY DECIMAL CLASSIFICATION NUMBER
Classification number 532.56
Item number HIN/1975
100 1# - MAIN ENTRY--PERSONAL NAME
Personal name Hinze, J. O.
245 00 - TITLE STATEMENT
Title Turbulence
250 ## - EDITION STATEMENT
Edition statement 2nd ed.
260 ## - PUBLICATION, DISTRIBUTION, ETC. (IMPRINT)
Place of publication, distribution, etc. New York
Name of publisher, distributor, etc. McGraw-Hill
Date of publication, distribution, etc. 1975
300 ## - PHYSICAL DESCRIPTION
Extent x,790p.
Other physical details ill.
Dimensions 24 cm.
490 0# - SERIES STATEMENT
Series statement McGraw-Hill series in mechanical engineering
650 #0 - SUBJECT ADDED ENTRY--TOPICAL TERM
Topical term or geographic name as entry element Turbulence
942 ## - ADDED ENTRY ELEMENTS (KOHA)
Koha item type General Book
Holdings
Withdrawn status Not for loan Koha date last borrowed Koha normalized classification for sorting Koha item type Shelving location Piece designation (barcode) Koha date last seen Damaged status Price effective from Lost status Location (home branch) Koha full call number Koha issues (times borrowed) Source of classification or shelving scheme Date acquired Copy number Sublocation or collection (holding branch)
   532_560000000000000_HIN_1975General BookCirculation section638132014-11-26 2014-11-26 Central Library, BUET532.56/HIN/1975  2014-11-261Central Library, BUET
   532_560000000000000_HIN_1975General BookCirculation section638162014-11-26 2014-11-26 Central Library, BUET532.56/HIN/1975  2014-11-262Central Library, BUET
   532_560000000000000_HIN_1975General BookCirculation section443342014-12-07 2014-12-07 Central Library, BUET532.56/HIN/1975  2014-12-073Central Library, BUET
   532_560000000000000_HIN_1975General BookCirculation section638072014-12-07 2014-12-07 Central Library, BUET532.56/HIN/1975  2014-12-074Central Library, BUET
  2015-03-25532_560000000000000_HIN_1975General BookCirculation section638122015-03-29 2014-12-07 Central Library, BUET532.56/HIN/19751 2014-12-075Central Library, BUET
   532_560000000000000_HIN_1975General BookCirculation section638052014-12-07 2014-12-07 Central Library, BUET532.56/HIN/1975  2014-12-076Central Library, BUET
   532_560000000000000_HIN_1975General BookCirculation section638102014-12-07 2014-12-07 Central Library, BUET532.56/HIN/1975  2014-12-077Central Library, BUET
   532_560000000000000_HIN_1975General BookCirculation section638082014-12-07 2014-12-07 Central Library, BUET532.56/HIN/1975  2014-12-078Central Library, BUET
   532_560000000000000_HIN_1975General BookCirculation section638092014-12-07 2014-12-07 Central Library, BUET532.56/HIN/1975  2014-12-079Central Library, BUET
  2022-11-14532_560000000000000_HIN_1975General BookCirculation section638062023-02-28 2014-12-07 Central Library, BUET532.56/HIN/19751 2014-12-0710Central Library, BUET
  2015-05-26532_560000000000000_HIN_1975General BookCirculation section638152015-09-14 2014-12-07 Central Library, BUET532.56/HIN/19751 2014-12-0711Central Library, BUET
   532_560000000000000_HIN_1975General BookCirculation section391582015-03-09 2015-03-09 Central Library, BUET532.56/HIN/1975  2015-03-0912Central Library, BUET
   532_560000000000000_HIN_1975Reading ItemReading section589682015-06-07 2015-06-07 Central Library, BUET532.56/HIN/1975  2015-06-0713Central Library, BUET
   532_560000000000000_HIN_1975Reading ItemReading section606532015-06-07 2015-06-07 Central Library, BUET532.56/HIN/1975  2015-06-0714Central Library, BUET
   532_560000000000000_HIN_1975Reading ItemReading section527292015-06-23 2015-06-23 Central Library, BUET532.56/HIN/1975  2015-06-2315Central Library, BUET
  2024-11-27532_560000000000000_HIN_1975General BookCirculation section638112024-11-27 2024-11-16 Central Library, BUET532.56 HIN/19751 1985-06-2916Central Library, BUET
   532_560000000000000_HIN_1975General Book  2024-11-16 2024-11-16 Central Library, BUET532.56 HIN/1975  2024-11-16 Central Library, BUET
   532_560000000000000_HIN_1975General BookCirculation section391592024-11-16 2024-11-16 Central Library, BUET532.56 HIN/1975  2025-09-0318Central Library, BUET